Lattice Boltzmann method and its applications in engineering /

Lattice Boltzmann method (LBM) is a relatively new simulation technique for the modeling of complex fluid systems and has attracted interest from researchers in computational physics. Unlike the traditional CFD methods, which solve the conservation equations of macroscopic properties (i.e., mass, mo...

Full description

Bibliographic Details
Main Author: Guo, Zhaoli
Corporate Author: ebrary, Inc
Other Authors: Shu, Chang, 1962-
Format: eBook
Language:English
Published: Singapore ; Hackensack, NJ : World Scientific Pub. Co., [2013]
Series:Advances in computational fluid dynamics ; v. 3.
Subjects:
Online Access:Connect to the full text of this electronic book

MARC

Tag First Indicator Second Indicator Subfields
LEADER 00000cam a2200000Ma 4500
001 in00003266113
006 m d
007 cr cuu|uu|||||
008 091123s2013 si a ob 001 0 eng d
005 20250816205609.0
020 |a 9789814508308 (electronic bk.) 
020 |a 9814508306 (electronic bk.) 
020 |z 9789814508292 
035 |a (NhCcYBP)ebr10700690 
035 |a (OCoLC)ocn844311044 
040 |a NhCcYBP  |c NhCcYBP  |d UtOrBLW 
050 4 |a QA911  |b .G86 2013eb 
082 0 4 |a 532/.05015118  |2 23 
100 1 |a Guo, Zhaoli. 
245 1 0 |a Lattice Boltzmann method and its applications in engineering /  |c Zhaoli Guo, Chang Shu. 
264 1 |a Singapore ;  |a Hackensack, NJ :  |b World Scientific Pub. Co.,  |c [2013] 
264 4 |c ©2013 
300 |a 1 online resource (xiii, 404 pages) :  |b illustrations 
336 |a text  |b txt  |2 rdacontent 
337 |a computer  |b c  |2 rdamedia 
338 |a online resource  |b cr  |2 rdacarrier 
490 1 |a Advances in computational fluid dynamics ;  |v v. 3 
504 |a Includes bibliographical references (pages 373-396) and index. 
505 0 |a Ch. 1. Introduction. 1.1. Description of fluid system at different scales. 1.2. Numerical methods for fluid flows. 1.3. History of LBE. 1.4. Basic models of LBE. 1.5. Summary -- ch. 2. Initial and boundary conditions for lattice Boltzmann method. 2.1. Initial conditions. 2.2. Boundary conditions for flat walls. 2.3. Boundary conditions for curved walls. 2.4. Pressure boundary conditions. 2.5. Summary -- ch. 3. Improved lattice Boltzmann models. 3.1. Incompressible models. 3.2. Forcing schemes with reduced discrete lattice effects. 3.3. LBE with nonuniform grids. 3.4. Accelerated LBE methods for steady flows. 3.5. Summary -- ch. 4. Sample applications of LBE for isothermal flows. 4.1. Algorithm structure of LBE. 4.2. Lid-driven cavity flow. 4.3. Flow around a fixed circular cylinder. 4.4. Flow around an oscillating circular cylinder with a fixed downstream one. 4.5. Summary -- ch. 5. LBE for low speed flows with heat transfer. 5.1. Multi-speed models. 5.2. MS-LBE models based on Boltzmann equation. 5.3. Off-lattice LBE models. 5.4. MS-LBE models with adjustable Prandtl number. 5.5. DDF-LBE models without viscous dissipation and compression work. 5.6. DDF-LBE with viscous dissipation and compression work -- internal energy formulation. 5.7. DDF-LBE with viscous dissipation and compression work -- total energy formulation. 5.8. Hybrid LBE models. 5.9. Summary -- ch. 6. LBE for compressible flows. 6.1. Limitation of conventional LBE models for compressible flows. 6.2. Conventional equilibrium function-based LBE models for compressible flows. 6.3. Circular function-based LBE models for compressible flows. 6.4. Delta function-based LBE models for compressible flows. 6.5. Direct derivation of equilibrium distribution functions from conservation of moments. 6.6. Solution of discrete velocity Boltzmann equation. 6.7. Lattice Boltzmann flux solver for solution of Euler equations. 6.8. Some sample applications. 6.9. Summary -- ch. 7. LBE for multiphase and multi-component flows. 7.1. Color models. 7.2. Pseudo-potential models. 7.3. Free energy models. 7.4. LBE models based on kinetic theories. 7.5. Summary -- ch. 8. LBE for microscale gas flows. 8.1. Introduction. 8.2. Fundamental issues in LBE for micro gaseous flows. 8.3. LBE for slip flows. 8.4. LBE for transition flows. 8.5. LBE for microscale binary mixture flows. 8.6. Summary -- ch. 9. Other applications of LBE. 9.1. Applications of LBE for particulate flows. 9.2. Applications of LBE for flows in porous media. 9.3. Applications of LBE for turbulent flows. 9.4. Immersed boundary-lattice Boltzmann method and its applications. 9.5. Summary. 
520 |a Lattice Boltzmann method (LBM) is a relatively new simulation technique for the modeling of complex fluid systems and has attracted interest from researchers in computational physics. Unlike the traditional CFD methods, which solve the conservation equations of macroscopic properties (i.e., mass, momentum, and energy) numerically, LBM models the fluid consisting of fictive particles, and such particles perform consecutive propagation and collision processes over a discrete lattice mesh. This book will cover the fundamental and practical application of LBM. The first part of the book consists of three chapters starting form the theory of LBM, basic models, initial and boundary conditions, theoretical analysis, to improved models. The second part of the book consists of six chapters, address applications of LBM in various aspects of computational fluid dynamic engineering, covering areas, such as thermo-hydrodynamics, compressible flows, multicomponent/multiphase flows, microscale flows, flows in porous media, turbulent flows, and suspensions. With these coverage LBM, the book intended to promote its applications, instead of the traditional computational fluid dynamic method. 
588 |a Description based on online resource; title from digital title page (viewed on June 14, 2013). 
500 |a Electronic resource. 
650 0 |a Lattice Boltzmann methods. 
650 0 |a Fluid dynamics  |x Mathematical models. 
655 7 |a Electronic books.  |2 local 
700 1 |a Shu, Chang,  |d 1962- 
710 2 |a ebrary, Inc. 
776 1 |z 9789814508292 
830 0 |a Advances in computational fluid dynamics ;  |v v. 3. 
856 4 1 |u https://ebookcentral.proquest.com/lib/tamucs/detail.action?docID=1193106  |y Connect to the full text of this electronic book  |t 0 
948 |a cataloged  |b h  |c 2014/3/31  |d c  |e jlanham  |f 10:34:36 am 
999 f f |s b126cb7f-f561-3bb1-9425-cfb47e840e0e  |i 36d3a7c2-7771-3dd6-8eb2-4cdb615db93d  |t 0 
999 |a MARS 
952 f f |a Texas A&M University  |b College Station  |c Electronic Resources  |d Available Online  |t 0  |e QA911 .G86 2013eb  |h Library of Congress classification 
998 f f |a QA911 .G86 2013eb  |t 0  |l Available Online